| 000 | 02505cam a2200277 i 4500 | ||
|---|---|---|---|
| 001 | 15813 | ||
| 003 | DO-SdUEMH | ||
| 005 | 20260211151409.0 | ||
| 007 | ta | ||
| 008 | 211105s2014 dr a|||gr|||| 00| 0 spa|d | ||
| 040 |
_aDO-SdUEMH _bspa _erda |
||
| 041 | _aspa | ||
| 082 | 1 | 4 |
_mRD _aRD 372.19 _bM665d |
| 084 | _b14-00094 | ||
| 110 | _aRepública Dominicana: Ministerio de Educación de la República Dominicana MINERD | ||
| 245 | 1 | 0 |
_aDiseño curricular nivel primario : _bprimer ciclo (1ro, 2do y 3ro) / |
| 260 | _c2014 | ||
| 264 | 0 | 1 |
_aSanto Domingo : _bMinisterio de Educación, _c2014 |
| 300 |
_a416 páginas ; _c27 cm. |
||
| 336 |
_2rdacontent _atexto _btxt |
||
| 337 |
_2rdamedia _asin mediación _bn |
||
| 338 |
_2rdacarrier _avolumen _bnc |
||
| 505 | _aNivel primario -- Naturaleza y funciones de la educación primaria -- Caracterización de los niños y niñas -- Componentes del diseño curricular -- Competencias -- Contenidos -- Estrategias de enseñanza y de aprendizaje -- Los medios y recursos para el aprendizaje -- La evaluación de los aprendizajes en el nivel primario -- Perfil de egreso -- Competencias fundamentales, niveles de dominio correspondientes a la educación primaria -- Competencia ética y ciudadana -- Competencia comunicativa -- Competencia de pensamiento lógico, creativo y crítico -- Competencia de resolución de problemas -- Competencia científica y tecnológica -- Competencia ambiental y de la salud -- Competencia de desarrollo personal y espiritual -- El proceso de alfabetización de las áreas de conocimiento -- Estrategias para la articulación -- Unidades de aprendizaje -- Proyectos de investigación -- Proyecto de investigación en el aula -- Eje temático -- Distribución del tiempo -- Perfil del docente del nivel primario -- El centro educativo -- La orientación educativa -- Competencias, contenidos e indicadores de logro -- Primer grado -- Lengua Española -- Matemática -- Ciencias sociales -- Ciencias de la naturaleza -- Educación artística -- Educación Física -- Formación integral, humana y religiosa -- Segundo grado -- Lengua Española -- Matemática -- Ciencias sociales -- Ciencias de la naturaleza -- Educación artística -- Educación Física -- Formación integral, humana y religiosa -- Tercer grado -- Lengua Española -- Matemática -- Ciencias sociales -- Ciencias de la naturaleza -- Educación artística -- Educación Física -- Formación integral, humana y religiosa. | ||
| 942 |
_2ddc _cBK _n0 |
||
| 999 |
_c15813 _d15813 |
||